<?xml version="1.0" encoding="UTF-8"?>
<collection xmlns="http://www.loc.gov/MARC21/slim">
 <record>
  <leader>01485aam a22002658a 4500</leader>
  <controlfield tag="001">NCT_18152</controlfield>
  <controlfield tag="008">130717s2013                  ||||||viesd</controlfield>
  <datafield tag="999" ind1=" " ind2=" ">
   <subfield code="c">859</subfield>
   <subfield code="d">859</subfield>
  </datafield>
  <datafield tag="020" ind1=" " ind2=" ">
   <subfield code="c">135000</subfield>
  </datafield>
  <datafield tag="082" ind1="0" ind2="4">
   <subfield code="2">23rd ed.</subfield>
   <subfield code="a">526.3</subfield>
   <subfield code="b">Th116</subfield>
  </datafield>
  <datafield tag="100" ind1="1" ind2=" ">
   <subfield code="a">Vũ Thặng</subfield>
   <subfield code="e">Chủ biên</subfield>
  </datafield>
  <datafield tag="245" ind1="1" ind2="0">
   <subfield code="a">Trắc địa sử dụng trong trường kĩ thuật</subfield>
   <subfield code="c">Vũ Thặng (chủ biên), Bùi Duy Quỳnh, Vũ Thái Hà</subfield>
  </datafield>
  <datafield tag="260" ind1=" " ind2=" ">
   <subfield code="a">H.</subfield>
   <subfield code="b">Xây dựng</subfield>
   <subfield code="c">2013</subfield>
  </datafield>
  <datafield tag="300" ind1=" " ind2=" ">
   <subfield code="a">338tr.</subfield>
   <subfield code="b">minh hoạ</subfield>
   <subfield code="c">24cm</subfield>
  </datafield>
  <datafield tag="500" ind1=" " ind2=" ">
   <subfield code="a">Tên sách ngoài bìa: Trắc địa</subfield>
  </datafield>
  <datafield tag="520" ind1="3" ind2=" ">
   <subfield code="a">Trình bày các kiến thức cơ bản về trắc địa và công tác trắc địa trong giai đoạn khảo sát và xây dựng công trình, có kèm theo bài tập về trắc địa</subfield>
  </datafield>
  <datafield tag="653" ind1=" " ind2=" ">
   <subfield code="a">Quản lý đất đai</subfield>
  </datafield>
  <datafield tag="655" ind1=" " ind2="7">
   <subfield code="a">Giáo trình</subfield>
  </datafield>
  <datafield tag="700" ind1="1" ind2=" ">
   <subfield code="a">Vũ Thái Hà</subfield>
  </datafield>
  <datafield tag="700" ind1="1" ind2=" ">
   <subfield code="a">Bùi Duy Quỳnh</subfield>
  </datafield>
  <datafield tag="942" ind1=" " ind2=" ">
   <subfield code="2">ddc</subfield>
   <subfield code="c">BK</subfield>
  </datafield>
  <datafield tag="952" ind1=" " ind2=" ">
   <subfield code="0">0</subfield>
   <subfield code="1">0</subfield>
   <subfield code="2">ddc</subfield>
   <subfield code="4">0</subfield>
   <subfield code="6">526_300000000000000_TH116</subfield>
   <subfield code="7">0</subfield>
   <subfield code="9">4180</subfield>
   <subfield code="a">000001</subfield>
   <subfield code="b">000001</subfield>
   <subfield code="d">2017-11-24</subfield>
   <subfield code="o">526.3 Th116</subfield>
   <subfield code="p">MD.04221</subfield>
   <subfield code="r">2017-11-24</subfield>
   <subfield code="v">135000.00</subfield>
   <subfield code="w">2017-11-24</subfield>
   <subfield code="y">BK</subfield>
  </datafield>
  <datafield tag="952" ind1=" " ind2=" ">
   <subfield code="0">0</subfield>
   <subfield code="1">0</subfield>
   <subfield code="2">ddc</subfield>
   <subfield code="4">0</subfield>
   <subfield code="6">526_300000000000000_TH116</subfield>
   <subfield code="7">0</subfield>
   <subfield code="9">4181</subfield>
   <subfield code="a">000001</subfield>
   <subfield code="b">000001</subfield>
   <subfield code="d">2017-11-24</subfield>
   <subfield code="o">526.3 Th116</subfield>
   <subfield code="p">MD.04222</subfield>
   <subfield code="r">2017-11-24</subfield>
   <subfield code="v">135000.00</subfield>
   <subfield code="w">2017-11-24</subfield>
   <subfield code="y">BK</subfield>
  </datafield>
  <datafield tag="952" ind1=" " ind2=" ">
   <subfield code="0">0</subfield>
   <subfield code="1">0</subfield>
   <subfield code="2">ddc</subfield>
   <subfield code="4">0</subfield>
   <subfield code="6">526_300000000000000_TH116</subfield>
   <subfield code="7">0</subfield>
   <subfield code="9">4182</subfield>
   <subfield code="a">000001</subfield>
   <subfield code="b">000001</subfield>
   <subfield code="d">2017-11-24</subfield>
   <subfield code="l">1</subfield>
   <subfield code="o">526.3 Th116</subfield>
   <subfield code="p">MD.04223</subfield>
   <subfield code="r">2020-07-02</subfield>
   <subfield code="s">2020-06-18</subfield>
   <subfield code="v">135000.00</subfield>
   <subfield code="w">2017-11-24</subfield>
   <subfield code="y">BK</subfield>
  </datafield>
  <datafield tag="980" ind1=" " ind2=" ">
   <subfield code="a">Thư viện Trường Đại học Nam Cần Thơ</subfield>
  </datafield>
 </record>
</collection>
